| Tag |
First Indicator |
Second Indicator |
Subfields |
| LEADER |
00000cam a22000001a 4500 |
| 001 |
in00002139672 |
| 006 |
m e d # |
| 007 |
cr mn mmmmabba |
| 008 |
850325s1730 mau s 000 0 eng d |
| 005 |
20260331152933.4 |
| 035 |
|
|
|z w013141
|
| 035 |
|
|
|a MAAR8503252502B
|
| 035 |
|
|
|9 mwa91-50081
|
| 035 |
|
|
|a 320873
|
| 035 |
|
|
|a aas03013141
|
| 040 |
|
|
|a MWA
|c MWA
|e bdrb
|d UtOrBLW
|
| 245 |
0 |
2 |
|a A Letter to Doctor Zabdiel Boylston; occasion'd by a late dissertation concerning inoculation, printed at Boston :
|b [Three lines in Latin from Lucan].
|
| 264 |
|
3 |
|a Boston :
|b Printed for D. Henchman over against the Old Brick-Meeting House in Cornhil, and T. Hancock at the Sign of the Bible and Three Crowns in Annstreet,
|c M.DCC.XXX. [1730]
|
| 300 |
|
|
|a 2 unnumbered pages, 14 pages ;
|c (octavo)
|
| 336 |
|
|
|a text
|b txt
|2 rdacontent
|
| 337 |
|
|
|a computer
|b c
|2 rdamedia
|
| 338 |
|
|
|a online resource
|b cr
|2 rdacarrier
|
| 500 |
|
|
|a Intended as a refutation of William Douglass' Dissertation concerning inoculation of the small-pox.
|
| 510 |
4 |
|
|a Evans
|c 3296
|
| 510 |
4 |
|
|a Austin, R.B. Early Amer. medical imprints,
|c 1143
|
| 530 |
|
|
|a Microform version available in the Readex Early American Imprints series.
|
| 533 |
|
|
|a Electronic text and image data.
|b [Chester, Vt. :
|c Readex, a division of Newsbank, Inc.,
|d 2002-2004.
|e Includes files in TIFF, GIF and PDF formats with inclusion of keyword searchable text.
|f (Early American imprints. First series ; no. 3296).
|
| 500 |
|
|
|a Electronic resource.
|
| 600 |
1 |
0 |
|a Douglass, William,
|d approximately 1700-1752.
|t Dissertation concerning inoculation of the small-pox.
|
| 650 |
|
0 |
|a Smallpox
|x Vaccination.
|
| 700 |
1 |
|
|a Boylston, Zabdiel,
|d 1679-1766.
|
| 752 |
|
|
|a United States
|b Massachusetts
|d Boston.
|
| 830 |
|
0 |
|a Early American imprints.
|n Series I,
|p Evans (1639-1800) ;
|v no. 3296.
|
| 856 |
4 |
1 |
|u http://proxy.library.tamu.edu/login?url=https://opac.newsbank.com/select/evans/3296
|y Evans Digital Edition
|t 0
|
| 999 |
|
|
|a MARS
|
| 999 |
f |
f |
|s 5983fd0f-c600-3b8f-8fa1-df5ec7dd5a31
|i 87395705-ea7b-3784-abb6-b055366cee7c
|t 0
|
| 952 |
f |
f |
|a Texas A&M University
|b College Station
|c Electronic Resources
|s www_evans
|d Available Online
|t 0
|h No information provided
|
| 998 |
f |
f |
|t 0
|l Available Online
|